[Event "DEM U16w 2025"]
[Site "Willingen GER"]
[Date "2025.06.09"]
[Round "3"]
[White "Weng, Yueyi Elina"]
[Black "Boronina, Kseniia"]
[Result "0-1"]
[Termination "normal"]
[Board "9"]
[WhiteElo "1805"]
[BlackElo "1691"]
[WhiteClock "00:05:29"]
[BlackClock "00:25:42"]
[PlyCount "108"]
[WhiteFideId "34639896"]
[BlackFideId "34308768"]
[EventCountry "GER"]
[EventRounds "9"]
[EventType "swiss"]
[EventDate "2025.06.07"]

1. e4 {[%clk 01:30:58]} {[%emt 04:41:09]} e5 {[%clk 01:30:57]} 2. Nf3 {[%clk
01:31:18]} Nc6 {[%clk 01:31:25]} 3. Bc4 {[%clk 01:31:38]} Nf6 {[%clk 01:31:51]}
4. d3 {[%clk 01:31:56]} Bc5 {[%clk 01:32:18]} 5. c3 {[%clk 01:31:48]} a6 {[%clk
01:32:42]} 6. b4 {[%clk 01:31:08]} Ba7 {[%clk 01:33:07]} 7. Bb2 {[%clk
01:31:19]} d6 {[%clk 01:30:25]} 8. a4 {[%emt 00:00:01]} a5 {[%clk 01:27:30]} 9.
b5 {[%clk 01:29:12]} {[%emt 00:02:32]} Ne7 {[%clk 01:23:18]} {[%emt 00:04:42]}
10. O-O {[%clk 01:27:48]} {[%emt 00:01:53]} O-O {[%clk 01:22:30]} {[%emt
00:01:19]} 11. Nbd2 {[%emt 00:01:46]} Re8 {[%clk 01:16:28]} {[%emt 00:05:13]}
12. d4 {[%clk 01:25:31]} {[%emt 00:02:50]} Ng6 {[%clk 01:15:07]} {[%emt
00:01:52]} 13. Re1 {[%clk 01:18:11]} {[%emt 00:07:49]} exd4 {[%clk 01:10:02]}
{[%emt 00:05:35]} 14. cxd4 {[%clk 01:17:12]} {[%emt 00:01:29]} Bg4 {[%clk
01:02:30]} {[%emt 00:08:04]} 15. h3 {[%clk 01:12:20]} {[%emt 00:05:20]} Be6
{[%clk 00:47:42]} {[%emt 00:15:18]} 16. Bxe6 {[%clk 01:01:13]} {[%emt
00:11:37]} Rxe6 {[%clk 00:47:01]} {[%emt 00:01:11]} 17. Qc2 {[%clk 00:59:43]}
{[%emt 00:02:00]} Rc8 {[%clk 00:39:39]} {[%emt 00:07:51]} 18. Nb3 {[%clk
00:45:01]} {[%emt 00:15:12]} c6 {[%clk 00:35:51]} {[%emt 00:04:19]} 19. Rac1
{[%clk 00:39:32]} {[%emt 00:05:58]} Re8 {[%clk 00:35:58]} {[%emt 00:00:25]} 20.
Qb1 {[%clk 00:35:36]} {[%emt 00:04:25]} Qb6 {[%clk 00:23:27]} {[%emt 00:13:01]}
21. Bc3 {[%clk 00:30:34]} {[%emt 00:05:32]} cxb5 {[%clk 00:23:54]} {[%emt
00:00:03]} 22. Bxa5 {[%clk 00:29:49]} {[%emt 00:01:15]} Qa6 {[%clk 00:24:20]}
{[%emt 00:00:04]} 23. axb5 {[%clk 00:27:28]} {[%emt 00:02:51]} Qxb5 {[%clk
00:24:48]} {[%emt 00:00:02]} 24. Rxc8 {[%clk 00:25:39]} {[%emt 00:02:18]} Rxc8
{[%clk 00:25:17]} {[%emt 00:00:01]} 25. Bd2 {[%clk 00:25:01]} {[%emt 00:01:08]}
d5 {[%clk 00:23:53]} {[%emt 00:01:54]} 26. e5 {[%clk 00:23:56]} {[%emt
00:01:35]} Ne4 {[%clk 00:21:52]} {[%emt 00:02:31]} 27. Qa2 {[%clk 00:22:23]}
{[%emt 00:02:03]} Bb6 {[%clk 00:19:51]} {[%emt 00:02:31]} 28. Rc1 {[%clk
00:20:04]} {[%emt 00:02:48]} Rxc1+ {[%clk 00:18:01]} {[%emt 00:02:22]} 29. Bxc1
{[%clk 00:20:15]} {[%emt 00:00:18]} h6 {[%clk 00:15:57]} {[%emt 00:02:34]} 30.
Nbd2 {[%clk 00:17:16]} {[%emt 00:03:29]} Qe2 {[%clk 00:15:05]} {[%emt
00:01:22]} 31. Qa8+ {[%clk 00:16:44]} {[%emt 00:01:02]} Kh7 {[%clk 00:15:34]}
{[%emt 00:00:01]} 32. Nxe4 {[%clk 00:13:52]} {[%emt 00:03:22]} dxe4 {[%clk
00:15:56]} {[%emt 00:00:08]} 33. Qxb7 {[%clk 00:11:45]} {[%emt 00:02:38]} exf3
{[%clk 00:16:09]} {[%emt 00:00:16]} 34. Be3 {[%clk 00:11:00]} {[%emt 00:01:15]}
Bxd4 {[%clk 00:15:23]} {[%emt 00:01:16]} 35. Bxd4 {[%clk 00:08:27]} {[%emt
00:03:04]} Qd1+ {[%clk 00:15:51]} {[%emt 00:00:01]} 36. Kh2 {[%clk 00:08:44]}
{[%emt 00:00:11]} Qxd4 {[%clk 00:16:19]} {[%emt 00:00:03]} 37. Qxf3 {[%clk
00:08:55]} {[%emt 00:00:20]} Qf4+ {[%clk 00:16:40]} {[%emt 00:00:09]} 38. Qxf4
Nxf4 {[%clk 00:17:09]} 39. Kg3 {[%clk 00:08:41]} {[%emt 00:00:41]} Nd3 {[%clk
00:17:33]} {[%emt 00:00:07]} 40. f4 {[%clk 00:08:48]} {[%emt 00:00:23]} Kg6
{[%clk 00:18:00]} {[%emt 00:00:03]} 41. Kf3 {[%clk 00:08:10]} {[%emt 00:01:08]}
h5 {[%clk 00:17:08]} {[%emt 00:01:21]} 42. Ke4 {[%clk 00:05:42]} {[%emt
00:02:58]} Nc5+ {[%clk 00:10:33]} {[%emt 00:07:07]} 43. Kf3 {[%clk 00:03:12]}
{[%emt 00:02:59]} Kf5 {[%clk 00:29:08]} {[%emt 00:11:56]} 44. g4+ {[%clk
00:31:46]} {[%emt 00:01:55]} Ke6 {[%clk 00:29:30]} {[%emt 00:00:08]} 45. Ke3
{[%clk 00:26:14]} {[%emt 00:06:01]} hxg4 {[%clk 00:25:37]} {[%emt 00:04:24]}
46. hxg4 {[%clk 00:26:28]} {[%emt 00:00:15]} g5 {[%clk 00:25:56]} {[%emt
00:00:12]} 47. Kf3 {[%clk 00:16:49]} {[%emt 00:10:09]} gxf4 {[%clk 00:25:29]}
{[%emt 00:00:57]} 48. Kxf4 {[%clk 00:17:10]} {[%emt 00:00:08]} Nd3+ {[%clk
00:25:55]} {[%emt 00:00:05]} 49. Ke4 {[%clk 00:03:52]} {[%emt 00:13:48]} Nxe5
{[%clk 00:26:17]} {[%emt 00:00:08]} 50. Kf4 {[%clk 00:04:04]} {[%emt 00:00:18]}
Nxg4 {[%clk 00:25:06]} {[%emt 00:01:41]} 51. Kxg4 {[%clk 00:04:26]} {[%emt
00:00:08]} Ke5 {[%clk 00:25:34]} {[%emt 00:00:02]} 52. Kf3 {[%clk 00:04:46]}
{[%emt 00:00:09]} Kf5 {[%clk 00:25:56]} {[%emt 00:00:09]} 53. Kf2 {[%clk
00:05:05]} {[%emt 00:00:11]} Kf4 {[%clk 00:25:42]} {[%emt 00:00:44]} 54. Kf1
{[%clk 00:05:29]} {[%emt 00:00:06]} Kf3 {[%emt 00:00:45]} 0-1

[Event "DEM U16w 2025"]
[Site "Willingen GER"]
[Date "2025.06.09"]
[Round "3"]
[White "Ignatova, Gabriela"]
[Black "Richter, Johanna"]
[Result "0-1"]
[Termination "normal"]
[Board "10"]
[WhiteElo "1688"]
[BlackElo "1834"]
[WhiteClock "00:35:40"]
[BlackClock "00:46:50"]
[PlyCount "56"]
[WhiteFideId "34623698"]
[BlackFideId "16278925"]
[EventCountry "GER"]
[EventRounds "9"]
[EventType "swiss"]
[EventDate "2025.06.07"]

1. e4 {[%clk 01:30:52]} c5 {[%clk 01:30:55]} 2. Nc3 {[%clk 01:31:11]} Nc6
{[%clk 01:31:20]} 3. Bb5 {[%clk 01:31:12]} Nd4 {[%clk 01:31:43]} 4. Nf3 {[%clk
01:31:28]} g6 {[%clk 01:31:12]} 5. Nxd4 {[%clk 01:27:32]} cxd4 {[%clk
01:31:33]} 6. Ne2 {[%clk 01:27:51]} Bg7 {[%emt 00:00:01]} 7. c3 {[%clk
01:24:09]} e5 {[%clk 01:28:02]} {[%emt 00:02:34]} 8. cxd4 {[%clk 01:20:57]}
{[%emt 00:03:41]} exd4 {[%clk 01:27:58]} {[%emt 00:00:34]} 9. O-O {[%clk
01:21:15]} {[%emt 00:00:12]} Ne7 {[%emt 00:02:10]} 10. d3 {[%clk 01:20:14]}
{[%emt 00:00:29]} O-O {[%clk 01:24:41]} {[%emt 00:03:10]} 11. Bf4 {[%clk
01:11:38]} {[%emt 00:09:05]} d5 {[%clk 01:17:12]} {[%emt 00:08:00]} 12. Rc1
{[%clk 00:59:20]} {[%emt 00:12:48]} Qb6 {[%clk 01:04:06]} {[%emt 00:13:37]} 13.
Ba4 {[%clk 00:55:01]} {[%emt 00:04:48]} dxe4 {[%clk 00:57:50]} {[%emt
00:06:46]} 14. dxe4 {[%clk 00:53:55]} {[%emt 00:01:36]} Nc6 {[%clk 00:56:09]}
{[%emt 00:02:11]} 15. Bxc6 {[%clk 00:41:02]} {[%emt 00:13:22]} bxc6 {[%clk
00:55:33]} {[%emt 00:01:06]} 16. Qc2 {[%clk 00:40:31]} {[%emt 00:01:01]} Ba6
{[%clk 00:53:01]} {[%emt 00:03:03]} 17. Qd2 {[%clk 00:38:05]} {[%emt 00:02:56]}
Rfe8 {[%clk 00:51:40]} {[%emt 00:01:51]} 18. f3 {[%clk 00:37:30]} {[%emt
00:01:04]} d3+ {[%clk 00:49:33]} {[%emt 00:02:38]} 19. Be3 {[%clk 00:37:47]}
{[%emt 00:00:12]} dxe2 {[%clk 00:48:36]} {[%emt 00:01:27]} 20. Bxb6 {[%clk
00:38:01]} {[%emt 00:00:16]} exf1=Q+ {[%clk 00:49:00]} {[%emt 00:00:05]} 21.
Rxf1 {[%clk 00:38:02]} {[%emt 00:00:29]} Bxf1 {[%clk 00:49:27]} {[%emt
00:00:04]} 22. Bxa7 {[%clk 00:37:38]} {[%emt 00:00:54]} Rxa7 {[%clk 00:49:48]}
{[%emt 00:00:11]} 23. Kxf1 {[%clk 00:37:43]} {[%emt 00:00:24]} Rxa2 {[%clk
00:48:29]} {[%emt 00:01:49]} 24. Qd7 {[%clk 00:36:42]} {[%emt 00:01:30]} Rb8
{[%clk 00:46:42]} {[%emt 00:02:16]} 25. Qxc6 {[%clk 00:35:40]} {[%emt
00:01:33]} Rbxb2 {[%clk 00:46:10]} {[%emt 00:01:02]} 26. Qc8+ {[%clk 00:34:53]}
{[%emt 00:01:18]} Bf8 {[%clk 00:46:35]} {[%emt 00:00:05]} 27. h3 {[%clk
00:35:15]} {[%emt 00:00:08]} Ra1+ {[%clk 00:46:50]} {[%emt 00:00:15]} 28. Qc1
{[%clk 00:35:40]} {[%emt 00:00:04]} Rxc1# {[%emt 00:00:06]} 0-1

[Event "DEM U16w 2025"]
[Site "Willingen GER"]
[Date "2025.06.09"]
[Round "3"]
[White "Rabe, Elina"]
[Black "Pommerehncke, Marla"]
[Result "1-0"]
[Termination "normal"]
[Board "11"]
[WhiteElo "1507"]
[BlackElo "1391"]
[WhiteClock "00:44:16"]
[BlackClock "00:20:31"]
[PlyCount "57"]
[WhiteFideId "34623531"]
[BlackFideId "34686347"]
[EventCountry "GER"]
[EventRounds "9"]
[EventType "swiss"]
[EventDate "2025.06.07"]

1. d4 {[%clk 01:30:59]} {[%emt 00:23:33]} Nf6 {[%clk 01:30:48]} 2. c4 {[%clk
01:31:22]} g6 {[%clk 01:30:59]} 3. g3 {[%clk 01:31:45]} Bg7 {[%clk 01:31:13]}
4. Bg2 {[%clk 01:32:09]} O-O {[%clk 01:31:25]} 5. Nf3 {[%clk 01:32:31]} d6
{[%clk 01:30:34]} 6. O-O {[%clk 01:31:29]} c5 {[%clk 01:25:10]} {[%emt
00:00:02]} 7. Nc3 {[%clk 01:28:00]} {[%emt 00:01:02]} Nc6 {[%clk 01:21:58]}
{[%emt 00:03:43]} 8. d5 {[%emt 00:04:26]} Nb4 {[%clk 01:19:50]} {[%emt
00:01:39]} 9. a3 {[%clk 01:23:44]} {[%emt 00:01:49]} Na6 {[%clk 01:20:05]}
{[%emt 00:00:15]} 10. Bf4 {[%clk 01:23:19]} {[%emt 00:00:55]} h6 {[%clk
01:15:32]} {[%emt 00:05:03]} 11. Qc1 {[%clk 01:21:30]} {[%emt 00:02:19]} Kh7
{[%clk 01:15:54]} {[%emt 00:00:09]} 12. e4 {[%clk 01:16:36]} {[%emt 00:05:24]}
Nh5 {[%clk 01:07:49]} {[%emt 00:08:34]} 13. Bd2 {[%clk 01:12:42]} {[%emt
00:04:23]} f5 {[%clk 01:02:06]} {[%emt 00:06:14]} 14. Nh4 {[%clk 01:06:20]}
{[%emt 00:06:51]} Rb8 {[%clk 00:46:49]} {[%emt 00:15:49]} 15. exf5 {[%clk
01:03:44]} {[%emt 00:03:06]} Bxf5 {[%clk 00:41:13]} {[%emt 00:06:06]} 16. Nxf5
{[%clk 01:03:56]} {[%emt 00:00:17]} gxf5 {[%clk 00:41:19]} {[%emt 00:00:23]}
17. Qc2 {[%clk 01:02:55]} {[%emt 00:01:31]} Kh8 {[%clk 00:38:26]} {[%emt
00:03:23]} 18. Bf3 {[%clk 00:56:39]} {[%emt 00:06:46]} Qe8 {[%clk 00:35:05]}
{[%emt 00:03:52]} 19. Rae1 {[%clk 00:53:29]} {[%emt 00:03:40]} Rf6 {[%clk
00:31:06]} {[%emt 00:04:29]} 20. Nb5 {[%clk 00:51:40]} {[%emt 00:02:19]} Qg6
{[%clk 00:28:41]} {[%emt 00:02:55]} 21. Rxe7 {[%clk 00:48:02]} {[%emt
00:04:09]} f4 {[%clk 00:28:05]} {[%emt 00:01:05]} 22. Qxg6 {[%clk 00:47:27]}
{[%emt 00:01:05]} Rxg6 {[%clk 00:28:13]} {[%emt 00:00:22]} 23. Bxh5 {[%clk
00:47:42]} {[%emt 00:00:16]} Rg5 {[%clk 00:27:05]} {[%emt 00:01:38]} 24. Bf3
{[%clk 00:46:23]} {[%emt 00:01:48]} Be5 {[%clk 00:26:59]} {[%emt 00:00:36]} 25.
Bc3 {[%clk 00:44:47]} {[%emt 00:02:06]} Bxc3 {[%clk 00:25:13]} {[%emt
00:02:15]} 26. bxc3 {[%clk 00:45:00]} {[%emt 00:00:18]} fxg3 {[%clk 00:24:12]}
{[%emt 00:01:31]} 27. fxg3 {[%clk 00:44:54]} {[%emt 00:00:35]} h5 {[%clk
00:21:12]} {[%emt 00:03:30]} 28. Nxd6 {[%clk 00:44:01]} {[%emt 00:01:24]} h4
{[%clk 00:20:31]} {[%emt 00:01:11]} 29. Nf7+ {[%clk 00:44:16]} {[%emt
00:00:15]} 1-0

[Event "DEM U16w 2025"]
[Site "Willingen GER"]
[Date "2025.06.09"]
[Round "3"]
[White "Prokscha, Charlotte"]
[Black "Fischermann, Charlotte"]
[Result "1-0"]
[Termination "normal"]
[Board "12"]
[WhiteElo "1808"]
[BlackElo "1715"]
[WhiteClock "00:24:54"]
[BlackClock "00:41:27"]
[PlyCount "59"]
[WhiteFideId "34614699"]
[BlackFideId "34619690"]
[EventCountry "GER"]
[EventRounds "9"]
[EventType "swiss"]
[EventDate "2025.06.07"]

1. d4 {[%clk 01:30:56]} d5 {[%clk 01:30:55]} 2. c4 {[%clk 01:31:22]} c6 {[%clk
01:31:17]} 3. Nf3 {[%clk 01:31:44]} Nf6 {[%clk 01:31:33]} 4. Nc3 {[%clk
01:32:05]} dxc4 {[%clk 01:31:50]} 5. e3 {[%clk 01:32:27]} b5 {[%clk 01:31:35]}
6. a4 {[%clk 01:31:28]} Nd5 {[%emt 00:00:01]} 7. axb5 {[%clk 01:28:20]} {[%emt
00:02:32]} Nxc3 {[%clk 01:26:39]} {[%emt 00:00:15]} 8. bxc3 {[%clk 01:28:45]}
{[%emt 00:00:05]} cxb5 {[%clk 01:26:47]} {[%emt 00:00:22]} 9. Ba3 {[%clk
01:28:34]} {[%emt 00:00:40]} Bb7 {[%emt 00:08:19]} 10. Qb1 {[%clk 01:18:27]}
{[%emt 00:03:04]} Bxf3 {[%clk 01:23:01]} {[%emt 00:04:00]} 11. gxf3 {[%clk
01:18:39]} {[%emt 00:00:18]} Qd7 {[%clk 01:22:49]} {[%emt 00:00:42]} 12. Qe4
{[%clk 01:10:41]} {[%emt 00:08:24]} Qc6 {[%clk 01:21:20]} {[%emt 00:02:02]} 13.
d5 {[%clk 00:42:31]} {[%emt 00:28:41]} Qg6 {[%clk 01:19:38]} {[%emt 00:02:10]}
14. Bc5 {[%clk 00:38:31]} {[%emt 00:04:32]} Qxe4 {[%clk 01:18:28]} {[%emt
00:01:41]} 15. fxe4 {[%clk 00:38:56]} {[%emt 00:00:05]} a6 {[%clk 01:18:31]}
{[%emt 00:00:26]} 16. Bh3 {[%clk 00:35:41]} {[%emt 00:03:45]} Nd7 {[%clk
01:17:10]} {[%emt 00:01:50]} 17. Bd4 {[%clk 00:35:29]} {[%emt 00:00:41]} Rg8
{[%clk 01:10:51]} {[%emt 00:06:49]} 18. Ke2 {[%clk 00:33:47]} {[%emt 00:02:13]}
g6 {[%clk 01:10:26]} {[%emt 00:00:55]} 19. Rhb1 {[%clk 00:33:56]} {[%emt
00:00:19]} Nf6 {[%clk 00:50:35]} {[%emt 00:20:22]} 20. f3 {[%clk 00:30:07]}
{[%emt 00:04:20]} g5 {[%clk 00:47:30]} {[%emt 00:03:35]} 21. Bf5 {[%clk
00:27:22]} {[%emt 00:03:15]} h5 {[%clk 00:46:38]} {[%emt 00:01:22]} 22. Rxb5
{[%clk 00:27:19]} {[%emt 00:00:34]} g4 {[%clk 00:45:06]} {[%emt 00:02:01]} 23.
Rxa6 {[%clk 00:27:06]} {[%emt 00:00:44]} Rd8 {[%clk 00:44:09]} {[%emt
00:01:25]} 24. Bb6 {[%clk 00:27:21]} {[%emt 00:00:15]} gxf3+ {[%clk 00:43:37]}
{[%emt 00:01:03]} 25. Kxf3 {[%emt 00:00:31]} e6 {[%clk 00:41:04]} {[%emt
00:02:49]} 26. Bxd8 {[%clk 00:27:36]} {[%emt 00:00:28]} Kxd8 {[%clk 00:41:15]}
{[%emt 00:00:20]} 27. dxe6 {[%clk 00:26:41]} {[%emt 00:01:24]} fxe6 {[%clk
00:41:11]} {[%emt 00:00:34]} 28. Bxe6 {[%clk 00:26:57]} {[%emt 00:00:13]} Rg7
{[%clk 00:41:18]} {[%emt 00:00:24]} 29. Rb8+ {[%clk 00:24:32]} {[%emt
00:02:54]} Ke7 {[%clk 00:41:27]} {[%emt 00:00:21]} 30. Rb7+ {[%clk 00:24:54]}
{[%emt 00:00:07]} 1-0

[Event "DEM U16w 2025"]
[Site "Willingen GER"]
[Date "2025.06.09"]
[Round "3"]
[White "Bezsonna, Polina"]
[Black "Haug, Mara"]
[Result "1/2-1/2"]
[Termination "normal"]
[Board "13"]
[WhiteElo "1972"]
[BlackElo "1999"]
[WhiteClock "00:06:25"]
[BlackClock "00:03:54"]
[PlyCount "66"]
[WhiteFideId "14191156"]
[BlackFideId "16259300"]
[EventCountry "GER"]
[EventRounds "9"]
[EventType "swiss"]
[EventDate "2025.06.07"]

1. e4 {[%clk 01:30:58]} c5 {[%clk 01:30:56]} 2. Nf3 {[%clk 01:31:22]} Nc6
{[%clk 01:31:21]} 3. d4 {[%clk 01:31:46]} cxd4 {[%clk 01:31:47]} 4. Nxd4 {[%clk
01:23:31]} g6 {[%clk 01:31:47]} 5. Nc3 {[%clk 01:23:31]} Bg7 {[%clk 01:31:47]}
6. Be3 {[%clk 01:23:31]} Nf6 {[%clk 01:31:47]} 7. Nb3 {[%clk 01:23:31]} d6
{[%clk 01:31:47]} 8. Qd2 {[%clk 01:23:31]} a6 {[%clk 01:31:47]} 9. Bh6 {[%clk
01:23:31]} O-O {[%clk 01:31:47]} 10. h4 {[%clk 01:23:31]} Bxh6 {[%clk
01:31:47]} 11. Qxh6 {[%clk 01:23:31]} Ng4 {[%clk 01:31:47]} 12. Qd2 {[%clk
01:23:31]} h5 {[%clk 01:31:47]} 13. f3 {[%clk 01:23:31]} Nf6 {[%clk 01:31:47]}
14. O-O-O {[%clk 01:23:31]} Ne5 {[%clk 01:31:47]} 15. Be2 {[%clk 01:23:31]} Be6
{[%clk 01:31:47]} 16. g4 {[%clk 01:23:31]} Kh7 {[%clk 01:31:47]} 17. Nd4 {[%clk
01:23:31]} Rc8 {[%clk 01:31:47]} 18. g5 {[%clk 01:23:31]} Nfd7 {[%clk
01:31:47]} 19. f4 {[%clk 01:23:31]} Nc4 {[%clk 01:31:47]} 20. Nxe6 {[%clk
01:23:31]} fxe6 {[%clk 01:31:47]} 21. Bxc4 {[%clk 01:23:31]} Rxc4 {[%clk
01:31:47]} 22. Qe2 {[%clk 01:23:31]} Rc7 {[%clk 01:31:47]} 23. Rhf1 {[%clk
01:23:31]} Qe8 {[%clk 01:31:47]} 24. f5 {[%clk 01:23:31]} Nc5 {[%clk 01:31:47]}
25. fxg6+ {[%clk 01:23:31]} Kxg6 {[%clk 01:31:47]} 26. Qe3 {[%clk 01:23:31]}
Rc8 {[%clk 01:31:47]} 27. Ne2 {[%clk 01:23:31]} e5 {[%clk 01:31:47]} 28. Kb1
{[%clk 00:06:47]} {[%emt 02:50:07]} Qc6 {[%clk 00:05:56]} 29. Ng3 {[%clk
00:06:23]} {[%emt 00:04:37]} Ne6 {[%clk 00:04:51]} 30. c3 {[%clk 00:06:05]}
{[%emt 00:02:24]} Nf4 {[%clk 00:04:31]} 31. Nf5 {[%clk 00:05:37]} {[%emt
00:01:48]} Rf7 {[%clk 00:04:07]} 32. Nh6 {[%clk 00:05:57]} {[%emt 00:01:04]}
Rff8 {[%clk 00:03:31]} 33. Nf5 {[%clk 00:06:25]} {[%emt 00:01:08]} Rf7 {[%clk
00:03:54]} 1/2-1/2

[Event "DEM U16w 2025"]
[Site "Willingen GER"]
[Date "2025.06.09"]
[Round "3"]
[White "Hoffmann, Svenja"]
[Black "Dodul, Alice"]
[Result "0-1"]
[Termination "normal"]
[Board "14"]
[WhiteElo "1761"]
[BlackElo "1749"]
[WhiteClock "01:25:14"]
[BlackClock "01:32:29"]
[PlyCount "68"]
[WhiteFideId "16287312"]
[BlackFideId "34623817"]
[EventCountry "GER"]
[EventRounds "9"]
[EventType "swiss"]
[EventDate "2025.06.07"]

1. e4 e5 2. Nf3 Nc6 3. Bc4 Nf6 4. d3 Be7 5. c3 O-O 6. Nbd2 d6 7. O-O Na5 8. Re1
Nxc4 9. Nxc4 Re8 10. d4 exd4 11. cxd4 d5 12. Nce5 Nxe4 13. Qb3 Rf8 14. h3 c6
15. Nh2 Bd6 16. Nhf3 Qb6 17. Qd3 f6 18. Ng4 Bxg4 19. hxg4 g5 20. g3 Rae8 21.
Kg2 Kg7 22. Rh1 h6 23. Rh3 f5 24. Nh2 Nxf2 25. Qc3 Nxh3 26. Kxh3 f4 27. gxf4
Bxf4 28. Nf3 Qb5 29. Bxf4 Rxf4 30. Ne5 Rxe5 31. dxe5 Qe2 32. Re1 Qxg4+ 33. Kh2
Rf2+ 34. Kh1 {[%clk 01:25:14]} Qg2# {[%clk 01:32:29]} 0-1